| 000 | 00771pam a2200229 a 4500 | ||
|---|---|---|---|
| 001 | 3469651 | ||
| 005 | 20180125035150.0 | ||
| 008 | 930625s1993 caua b 000 0 eng | ||
| 010 | _a 93028206 | ||
| 020 | _a0803952929 (pbk.) | ||
| 040 |
_aDLC _cDLC _dDLC |
||
| 041 | _aeng | ||
| 080 | _a616.89.152.0835 sus | ||
| 082 | 0 | 0 |
_a616.89.152.0835 sus _220 |
| 100 | 1 | _a3 | |
| 101 | _ashm | ||
| 245 | 1 | 0 |
_aGroup exercises for adolescents : _cSusan Carrell ; illustrated by Jack Wiens. |
| 504 | _aIncludes bibliographical references (p. 149). | ||
| 906 |
_a7 _bcbc _corignew _d1 _eocip _f19 _gy-gencatlg |
||
| 942 |
_2ddc _cBK |
||
| 999 |
_c40899 _d40899 |
||